Normal görünüm
MARC görünümü
Giriş Personal Name
001 - CONTROL NUMBER
- control field: 3527
003 - CONTROL NUMBER IDENTIFIER
- control field: TR-AnABB
005 - DATE AND TIME OF LATEST TRANSACTION
- control field: 20260420124323.0
008 - FIXED-LENGTH DATA ELEMENTS
- fixed length control field: 260420|| aca||aabn | a|a d
040 ## - CATALOGING SOURCE
- Original cataloging agency: TR-AnABB
- Transcribing agency: TR-AnABB
100 ## - HEADING--PERSONAL NAME
- Personal name: Kiper, Nilgün
670 ## - SOURCE DATA FOUND
- Source citation: Koha: (TR-AnABB)10300: Planlama, politika uygulama ve deneyimler :, 2025
